000 00667nam a2200253 a 4500
001 14348
003 BD-JhCC
005 20250304123223.0
008 250302b20172018e a|||| ||a| 001 0 eng d
020 _a9780241337561
035 _a(BD-JhCC)14348
040 _aBD-JhCC
_dBD-JhCC
041 _aenglish
082 _a809
_bBER 2018
100 _a Berry,Wendell
245 _aWhy I Am Not Going to Buy a Computer /
_cWendell Berry.
260 _aNew York:
_bPenguin Books;
_c2018.
300 _a64 p. :
_c16 cm.
490 _aPenguin Modern: 50
500 _aPenguin Modern: 50
650 _aLiterary History & Criticism.
942 _2ddc
_cBK
999 _c14348
_d14348